00715nam a2200241 a 4500001001300000003000900013005001700022008004100039020001000080082001600090100004100106245001900147260004500166300000900211500003500220650001100255650001900266700004100285902000800326942000700334952011700341999001500458nice12345678IN_TiNIC20260116012642.0050524s1912 cala grp 000 0 ara  ac10000a297.4bFAR8 aFarangi Mahali, Muhammad Barkatullah aIkhwan-Us-safa aCalcutta bM.A Qayoom Book Seller c1912 a120p aincludes index and biblioraphy aSufism aIkhwan-Us-Sufa1 aFarangi Mahali, Muhammad Barkatullah bRBA cBK 001040708RareBook->aHMIbHMId2007-10-25g100.00l0o297.4 FAR8p010299r2007-10-25v100.00w2005-05-24yBK c7815d7815